000 00873nam0a22002531 4500
001 RU\NLR\INFOCOMM15\ROSSICA\1000001922
005 20250613185131.0
035 _a(NLR Aleph) 009881933
090 _a10477018
_c10477018
100 _a20030504d1882 |||y0rusy50 ca
101 0 _ager
102 _aRU
105 _ay ||||000ay
200 1 _aTarif für den Directen Güter-Verkehr von Hull, London & New-Castle via Reval nach Moskau
_eGültig vom 1/13 Apr. 1882
_fBailey & Leetham, Agenten der Baltischen Eisenbahngesellschaft für Grossbritannien
210 _aSt.Petersburg
_d1882
215 _d
710 0 0 _aBailey & Leetham
_hAgenten der Baltischen Eisenbahngesellschaft für Grossbritannien
_4070
801 1 _aRU
_bInfoComm
_c20030504
801 0 _aRU
_bNLR
_gPSBO
852 _aNLR
_j14.43.4.107
942 _cBOOK
980 _aNB
980 _aRossica